[Event "GER-chT U14"]
[Site "Verden"]
[Date "2015.12.27"]
[Round "2.2"]
[White "Schindler, Till"]
[Black "Lorenz, Tobias"]
[Result "1/2-1/2"]
[WhiteElo "1318"]
[BlackElo "1457"]
[PlyCount "65"]
[EventDate "2015.12.27"]
[EventType "team-swiss"]
[EventRounds "7"]
[EventCountry "GER"]
[SourceTitle "EXT 2017"]
[Source "ChessBase"]
[SourceDate "2016.10.25"]
[SourceVersion "1"]
[SourceVersionDate "2016.10.25"]
[SourceQuality "1"]
[WhiteTeam "Bann"]
[BlackTeam "Landskrone"]
[WhiteTeamCountry "GER"]
[BlackTeamCountry "GER"]

1. e4 d6 2. Nf3 Nf6 3. Nc3 g6 4. d3 Bg7 5. Be2 c5 6. 0-0 0-0 7. Be3 Ng4 8. Qd2 Nxe3 9. fxe3 a6 10. d4 Qb6 11. Rab1 cxd4 12. exd4 Nc6 13. Rfd1 e5 14. Nd5 Qa7 15. c3 Bg4 16. Rf1 Bxf3 17. Rxf3 exd4 18. Kh1 dxc3 19. Nxc3 Rad8 20. Rbf1 Ne5 21. R3f2 Qc5 22. Bd1 Nc4 23. Qf4 Ne3 24. Re1 Bxc3 25. bxc3 Nxd1 26. Rxd1 Qxc3 27. Rdf1 f5 28. exf5 Rxf5 29. Qh4 Rdf8 30. Rxf5 Rxf5 31. Qd8+ Kg7 32. Qe7+ Kh6 33. Qh4+ 1/2-1/2

[Event "Hofheim Spring op-B 3rd"]
[Site "Hofheim"]
[Date "2015.04.11"]
[Round "9"]
[White "Lorenz, Tobias"]
[Black "Ziegenfuss, Antonia"]
[Result "1-0"]
[WhiteElo "1517"]
[BlackElo "1675"]
[PlyCount "55"]
[EventDate "2015.04.07"]
[EventType "swiss"]
[EventRounds "9"]
[EventCountry "GER"]
[SourceTitle "EXT 2016"]
[Source "ChessBase"]
[SourceDate "2015.10.08"]
[SourceVersion "1"]
[SourceVersionDate "2015.10.08"]
[SourceQuality "1"]

1. d4 d5 2. Nf3 Bf5 3. c4 e6 4. Nc3 Nf6 5. Bg5 Nbd7 6. cxd5 Be7 7. dxe6 Bxe6 8. e4 c6 9. Bd3 h6 10. Bxf6 Nxf6 11. 0-0 0-0 12. Bc2 Re8 13. h3 Bf8 14. Re1 g6 15. Bb3 Qa5 16. Bxe6 Rxe6 17. Qb3 b6 18. Ne5 Rae8 19. f4 Kg7 20. f5 Rxe5 21. dxe5 Qxe5 22. fxg6 fxg6 23. Qa4 Bc5+ 24. Kh1 Qg3 25. e5 Rxe5 26. Qxa7+ Kg8 27. Qb8+ Kg7 28. Rxe5 1-0

[Event "Hofheim Spring op-B 3rd"]
[Site "Hofheim"]
[Date "2015.04.10"]
[Round "7"]
[White "Fischer, Lutz"]
[Black "Lorenz, Tobias"]
[Result "1/2-1/2"]
[WhiteElo "1747"]
[BlackElo "1517"]
[PlyCount "52"]
[EventDate "2015.04.07"]
[EventType "swiss"]
[EventRounds "9"]
[EventCountry "GER"]
[SourceTitle "CBM 166 Extra"]
[Source "ChessBase"]
[SourceDate "2015.06.18"]
[SourceVersion "1"]
[SourceVersionDate "2015.06.18"]
[SourceQuality "1"]

1. e4 d6 2. d4 Nf6 3. Nc3 g6 4. f4 Bg7 5. Nf3 Nbd7 6. Bc4 0-0 7. 0-0 c5 8. e5 dxe5 9. fxe5 Ng4 10. Ng5 Nb6 11. Bxf7+ Kh8 12. dxc5 Qxd1 13. Rxd1 Nd7 14. e6 Nxc5 15. Nd5 h6 16. Nf3 Bxe6 17. Bxe6 Nxe6 18. Nxe7 Kh7 19. h3 Ne5 20. Nxe5 Bxe5 21. c3 Rad8 22. Be3 Rxd1+ 23. Rxd1 Nf4 24. Bf2 Ne2+ 25. Kf1 Bg3 26. Kxe2 Rxf2+ 1/2-1/2

[Event "Hofheim Spring op-B 3rd"]
[Site "Hofheim"]
[Date "2015.04.09"]
[Round "5"]
[White "Sevall, Jacob Cameron"]
[Black "Lorenz, Tobias"]
[Result "1-0"]
[WhiteElo "1883"]
[BlackElo "1517"]
[PlyCount "65"]
[EventDate "2015.04.07"]
[EventType "swiss"]
[EventRounds "9"]
[EventCountry "GER"]
[SourceTitle "CBM 166 Extra"]
[Source "ChessBase"]
[SourceDate "2015.06.18"]
[SourceVersion "1"]
[SourceVersionDate "2015.06.18"]
[SourceQuality "1"]

1. e4 d6 2. d4 Nf6 3. Nc3 g6 4. Bc4 Bg7 5. f3 e5 6. dxe5 dxe5 7. Qxd8+ Kxd8 8. Bxf7 Ke7 9. Bb3 Nc6 10. Nge2 Be6 11. Bxe6 Kxe6 12. Be3 a6 13. 0-0-0 Rad8 14. Rxd8 Rxd8 15. Rd1 Rxd1+ 16. Nxd1 Bf8 17. c3 Na5 18. Kc2 Nc4 19. Bc1 b5 20. b3 Nd6 21. Ne3 c5 22. c4 b4 23. Nd5 Nxd5 24. cxd5+ Kd7 25. Be3 Nb7 26. Nc1 Bd6 27. Nd3 Ke7 28. Nb2 Kd7 29. Nc4 Ke7 30. Kd3 Kd7 31. g3 Ke7 32. Nxd6 Nxd6 33. Bxc5 1-0

[Event "Rheinhessen-ch U14"]
[Site "Oppenheim"]
[Date "2015.01.06"]
[Round "2"]
[White "Lorenz, Tobias"]
[Black "Ruehl, Alexander"]
[Result "1-0"]
[WhiteElo "1487"]
[BlackElo "1197"]
[PlyCount "147"]
[EventDate "2015.01.03"]
[EventType "swiss"]
[EventRounds "7"]
[EventCountry "GER"]
[SourceTitle "EXT 2017"]
[Source "ChessBase"]
[SourceDate "2016.10.25"]
[SourceVersion "1"]
[SourceVersionDate "2016.10.25"]
[SourceQuality "1"]

1. d4 d5 2. Nf3 Nf6 3. c4 c6 4. Nc3 e6 5. Bg5 Nbd7 6. e3 Bb4 7. Qc2 Qa5 8. Be2 Ne4 9. Rc1 Bxc3+ 10. bxc3 Nxg5 11. Nxg5 dxc4 12. Ne4 Qd5 13. Bf3 Qa5 14. Nd6+ Ke7 15. Nxc4 Qc7 16. 0-0 Nf6 17. Rfd1 Bd7 18. e4 Rag8 19. e5 Nd5 20. Qd2 f6 21. Re1 f5 22. Qg5+ Kf8 23. Nd6 Nf6 24. c4 Ne8 25. c5 g6 26. g4 Qb8 27. h4 h6 28. Qd2 g5 29. h5 f4 30. Qd3 Qc7 31. d5 cxd5 32. Bxd5 exd5 33. Qxd5 Rg7 34. e6 Bc6 35. e7+ Rxe7 36. Qf5+ Rf7 37. Qg6 Nxd6 38. cxd6 Qd7 39. Re5 Qxg4+ 40. Kf1 Qf3 41. Rce1 Qh3+ 42. Ke2 Qc3 43. Kf1 f3 44. Re7 Qf6 45. d7 Bxd7 46. Qxf6 Bb5+ 47. Kg1 Rxf6 48. Rxb7 a6 49. Rb8+ Kg7 50. Re7+ Rf7 51. Rxf7+ Kxf7 52. Rxh8 Kg7 53. Rd8 Be2 54. Rd6 Kh7 55. Kh2 Kg7 56. Kg3 Kh7 57. Kg4 Kg7 58. Kf5 Kh7 59. Rd7+ Kg8 60. Kg6 Kf8 61. Kxh6 g4 62. Rg7 Bc4 63. Rxg4 Bxa2 64. Ra4 Bf7 65. Rxa6 Ke8 66. Ra5 Be6 67. Kg7 Ke7 68. Re5 Kd6 69. Rxe6+ Kxe6 70. h6 Ke5 71. h7 Ke4 72. h8Q Kd3 73. Qe8 Kd2 74. Qe4 1-0

[Event "Rheinhessen-ch U14"]
[Site "Oppenheim"]
[Date "2015.01.06"]
[Round "5"]
[White "Lorenz, Tobias"]
[Black "Wachtel, Anton"]
[Result "1/2-1/2"]
[WhiteElo "1487"]
[BlackElo "1324"]
[PlyCount "69"]
[EventDate "2015.01.03"]
[EventType "swiss"]
[EventRounds "7"]
[EventCountry "GER"]
[SourceTitle "EXT 2017"]
[Source "ChessBase"]
[SourceDate "2016.10.25"]
[SourceVersion "1"]
[SourceVersionDate "2016.10.25"]
[SourceQuality "1"]

1. d4 d5 2. c4 c6 3. Nc3 e6 4. Nf3 Nf6 5. Bg5 Nbd7 6. a3 Bd6 7. e3 b6 8. Qc2 a5 9. cxd5 exd5 10. Bd3 h6 11. Bxf6 Nxf6 12. Ne2 Qc7 13. Rc1 Bd7 14. 0-0 0-0-0 15. Bf5 Kb7 16. Bxd7 Rxd7 17. Ng3 Re8 18. Nf5 Rg8 19. Qd3 Ne4 20. Rc2 Qc8 21. Rfc1 Rc7 22. Nxd6+ Nxd6 23. Ne5 Nc4 24. Nxc4 dxc4 25. Rxc4 Rd8 26. Qc3 Qd7 27. e4 c5 28. dxc5 Qd1+ 29. Qe1 Qxe1+ 30. Rxe1 Rxc5 31. Rxc5 bxc5 32. g4 Kc6 33. Re3 c4 34. Kf1 Kc5 35. f3 1/2-1/2

[Event "Rheinhessen-ch U12"]
[Site "Heidesheim"]
[Date "2014.01.07"]
[Round "6"]
[White "Vogt, Dustin"]
[Black "Lorenz, Tobias"]
[Result "0-1"]
[WhiteElo "786"]
[BlackElo "1214"]
[PlyCount "88"]
[EventDate "2014.01.04"]
[EventType "swiss"]
[EventRounds "7"]
[EventCountry "GER"]
[SourceTitle "EXT 2015"]
[Source "ChessBase"]
[SourceDate "2014.11.20"]
[SourceVersion "1"]
[SourceVersionDate "2014.11.20"]
[SourceQuality "1"]

1. d4 Nf6 2. Nc3 g6 3. g3 Bg7 4. Bg2 d6 5. Nf3 0-0 6. 0-0 Nbd7 7. Re1 c5 8. e3 Qb6 9. b3 Re8 10. Bb2 cxd4 11. exd4 Qc7 12. Nb5 Qb6 13. Na3 a6 14. Nc4 Qc7 15. Qd2 Rb8 16. Qd3 b5 17. Ncd2 Bb7 18. a3 Rbc8 19. Rac1 Nd5 20. c4 bxc4 21. bxc4 N5b6 22. Bh3 e6 23. Bf1 Na4 24. Qb3 Nxb2 25. Qxb2 Rb8 26. Qc3 Bh6 27. Rc2 Qc6 28. Bg2 Rec8 29. Rd1 Nb6 30. Nh4 Qc7 31. Bxb7 Rxb7 32. c5 Bg7 33. Nhf3 dxc5 34. Rdc1 Nd5 35. Qc4 Rb5 36. dxc5 Bf8 37. a4 Rxc5 38. Ne4 Rxc4 39. Rxc4 Qxc4 40. Rxc4 Rxc4 41. Ned2 Rxa4 42. Ne5 Bb4 43. Ndc4 Bc3 44. Kg2 f6 0-1